00521nam a22001697a 450000500170000001000150001702000260003203500140005803700090007208200080008110000240008924501160011326000320022927000460026130000190030770000250032620220215110808.0 aENG-131583 a9788193897409c575.00 aEN-115115 bDBAD a512 aDas, Chandan Bikash aIntroduction to Classical Algebra:bConcepts, Theory and Applications/cChandan Bikash Das, Pabitra Kumar Gouri aKolkatabArunabha Senc2019 a8/1, Chintamoni Das LanebKolkatae700009 avp.c24cm(pbk) aGouri, Pabitra Kumar